Winnetou Filme der 60er - Statistiken

Allgemein
  • Dieses Quiz wurde 79 mal gespielt
  • Das Durchschnittsergebnis liegt bei 8 aus 11
Antwortstatistiken
Jahr Film % Korrekt
1962 Der Schatz im Silbersee
95%
1963 Winnetou 1. Teil
95%
1964 Winnetou 2. Teil
92%
1965 Winnetou 3. Teil
92%
1964 Old Shatterhand
77%
1965 Der Ölprinz
74%
1966 Winnetou und sein Freund Old Firehand
69%
1965 Old Surehand
68%
1964 Unter Geiern
63%
1966 Winnetou und das Halbblut Apanatschi
58%
1968 Winnetou und Shatterhand im Tal der Toten
52%
Keine übereinstimmenden Quizze gefunden
Verteilung der Resultate
Anzahl Personen mit jedem Resultat
Perzentil nach korrekt beantworteten Fragen
Ihre Resultats-Entwicklung
Sie haben dieses Quiz noch nicht gespielt